000 00772nam a2200205 a 4500
001 000910655
003 AM-YEHGA
005 20250617163834.0
008 120829s1962 ru r 000 0 rus d
040 _aAM-YeHGA
041 0 _arus
100 1 _aСолодовникова, Вера Семеновна
245 1 0 _aКультура камелии Японской в комнатах /
_cВ.С. Солодовникова; Отв. ред. З.Т. Артюшенко; АН СССР.
260 _aМ.;
_aЛ. :
_bАН СССР,
_c1962.
300 _a16 с. :
_bрис. ;
_c20 см.
650 1 4 _aДекоративное садоводство
700 1 _aАртюшенко, З.Т.
_eред.
_4edt
710 2 _aАкадемия Наук СССР
090 _c517065
999 _c513550
_d513550